Ước lượng giá trị kinh tế đối với dự án bảo tồn hệ sinh thái rừng U Minh vùng Đồng bằng sông Cửu Long : Luận văn tốt nghiệp Cao học. Chuyên ngành Kinh tế nông nghiệp
Nghiên cứu ước lượng giá trị kinh tế đối với dự án bảo tồn hệ sinh thái rừng U Minh vùng Đồng bằng sông Cửu Long nhằm hướng đến việc bảo tồn hệ sinh thái ở rừng U Minh từ đó đề xuất hàm ý chính sách để bảo tồn rừng U Minh....
Na minha lista:
| Autor principal: | |
|---|---|
| Formato: | Livro |
| Idioma: | Undetermined |
| Publicado em: |
Cần Thơ
Trường Đại học Cần Thơ
2019
|
| Assuntos: | |
| Tags: |
Adicionar Tag
Sem tags, seja o primeiro a adicionar uma tag!
|
| Thư viện lưu trữ: | Trung tâm Học liệu Trường Đại học Cần Thơ |
|---|
| LEADER | 01309nam a2200229Ia 4500 | ||
|---|---|---|---|
| 001 | CTU_231887 | ||
| 008 | 210402s9999 xx 000 0 und d | ||
| 082 | |a 338.1 | ||
| 082 | |b V121 | ||
| 088 | |a 8620115 | ||
| 100 | |a Nguyễn, Phi Vân | ||
| 245 | 0 | |a Ước lượng giá trị kinh tế đối với dự án bảo tồn hệ sinh thái rừng U Minh vùng Đồng bằng sông Cửu Long : | |
| 245 | 0 | |b Luận văn tốt nghiệp Cao học. Chuyên ngành Kinh tế nông nghiệp | |
| 245 | 0 | |c Nguyễn Phi Vân ; Huỳnh Việt Khải (Cán bộ hướng dẫn) | |
| 260 | |a Cần Thơ | ||
| 260 | |b Trường Đại học Cần Thơ | ||
| 260 | |c 2019 | ||
| 520 | |a Nghiên cứu ước lượng giá trị kinh tế đối với dự án bảo tồn hệ sinh thái rừng U Minh vùng Đồng bằng sông Cửu Long nhằm hướng đến việc bảo tồn hệ sinh thái ở rừng U Minh từ đó đề xuất hàm ý chính sách để bảo tồn rừng U Minh. | ||
| 650 | |a Agriculture,Nông nghiệp | ||
| 650 | |x Economic aspects,Khía cạnh kinh tế | ||
| 910 | |b nthai | ||
| 980 | |a Trung tâm Học liệu Trường Đại học Cần Thơ | ||